Formuła 1 - w jakiej załodze? - Statystyki

Ogólne statystyki
  • Ten quiz został rozwiązany 94 razy
    88 od ostatniego zresetowania
  • Średni wynik to 8 z 9
Statystyki odpowiedzi
Kierowca Załoga % Poprawnych
Kimi Antonelli Mercedes
100%
Max Verstappen Red bull
100%
Lewis Hamilton Ferrari
99%
Oscar Piastri McLaren
99%
Pierre Gasly Alpine
94%
Fernando Alonso Aston Martin
92%
Carlos Sainz Williams
92%
Esteban Ocon Haas
90%
Nico Hulkenberg Sauber
82%
Nie znaleziono quizów pasujących do podanych kryteriów
Rozkład punktacji
Procent ludzi z każdym wynikiem
Percentyl według liczby udzielonych odpowiedzi
Twoja historia wyników
Nie rozwiązałeś tego quizu od ostatniego zresetowania